000 00619cam a22002171 4500
001 af 48002721
003 DLC
005 20260227110857.0
008 890429s1944 be 000 0 dut c
010 _aaf 48002721
035 _a(OCoLC)19623031
040 _aYale Univ. Library
_cCU
_dCU
_dDLC
042 _apremarc
050 0 0 _aPT6458.T6
_bG4 1944
100 2 _aToussaint van Boelaere, Fernand Victor,
_d1875-1947.
245 1 4 _aHet gesprek in Tractoria.
250 _a3. herziene druk.
260 _aAntwerpen,
_bDe Sikkel,
_c1944.
300 _a73 p.
_c18 cm.
500 _a"Van dit boek werden 250 ex. gedrukt."
999 _c5177
_d5177